000 00875nam a2200217 i 4500
001 47189
003 ES-MaACL
005 20230906161522.0
007 t|
008 030404s1952 sp ||||1| spa d
245 0 0 _aConvenio de Ginebra relativo a la protección de personas civiles en tiempo de guerra
_b: Ginebra, 12 de agosto de 1949.
260 _aMadrid :
_b[s.n.,
_c1952] (
_fImp. del Ministerio de Asuntos Exteriores)
300 _a83 p. ;
_c23 cm.
594 _aPrecede al tít.: Ministerio de Asuntos Exteriores. Registro de Tratados.
650 4 _aProtección civil.
_9171570
650 4 _aVíctimas de guerra.
_9171569
650 4 _aDerecho humanitario-
_vTratados, convenios, etc.
_9171561
710 1 _aEspaña.
_bMinisterio de Asuntos Exteriores.
_bRegistro de Tratados.
_9168910
740 0 2 _aIV Convenio de Ginebra, 1949.
852 _aES-MaACL
_j1970-F-16
999 _c47189
_d47189